| 000 | 00624nam a22001817a 4500 | ||
|---|---|---|---|
| 003 | BDDh-ASL | ||
| 005 | 20231015031310.0 | ||
| 008 | 230403s1980 b ||||| |||| 00| 0 b d | ||
| 040 |
_aBDDh-ASL _cBDDh-ASL |
||
| 041 | _aben | ||
| 082 |
_a297.09 _bKAS |
||
| 100 | 1 |
_aকাদের, এস. আবদুল _97872 |
|
| 245 | 1 | 0 | _aসুন্দরবনে ইসলাম / |
| 260 |
_aঢাকা : _bইসলামিক ফাউণ্ডেশন বাংলাদেশ, _c1980. |
||
| 300 |
_a29 p. : _c22 cm. |
||
| 650 | 0 |
_aসুন্দরবন (Sundarbon) Sunderban, Sundarban _97454 |
|
| 942 |
_2ddc _cBK |
||
| 999 |
_c31667 _d31667 |
||